000 00642cam a2200277 4500
001 B1405
008 090401t1980 xxu||||| |||| 00| 0 eng d
035 _a(Sirsi) u44264
041 _aeng
050 _a333.33
110 _aEdward Erdman
_92048
245 _aProperty market review 1980
260 _aLondon
_bEdward Erdman
_c1980
300 _a21p. ; 30cm.
350 _a0
650 _aFRANCE
650 _aINDUSTRIAL PROPERTY
650 _aLONDON
650 _aOFFICES
650 _aPROPERTY MARKET
650 _aSCOTLAND
650 _aSHOPS
650 _aUNITED STATES OF AMERICA
942 _n0
948 _c04/03/1997
999 _c91471
_d91471